Nature conservation in Uganda's tropical forest reserves. (Record no. 7355)

MARC details
000 -LEADER
fixed length control field 00801nam a22002535a 4500
001 - CONTROL NUMBER
control field 80147
003 - CONTROL NUMBER IDENTIFIER
control field OSt
005 - DATE AND TIME OF LATEST TRANSACTION
control field 20211008113655.0
008 - FIXED-LENGTH DATA ELEMENTS--GENERAL INFORMATION
fixed length control field 950309s1991 sz 000 0 eng
010 ## - LIBRARY OF CONGRESS CONTROL NUMBER
LC control number 95124786
020 ## - INTERNATIONAL STANDARD BOOK NUMBER
International Standard Book Number 283170085X
040 ## - CATALOGING SOURCE
Original cataloging agency DLC
Transcribing agency DDC
050 00 - LIBRARY OF CONGRESS CALL NUMBER
Classification number ACQUISITION IN PROCESS
082 ## - DEWEY DECIMAL CLASSIFICATION NUMBER
Classification number 577.30913HOW 1991.
100 1# - MAIN ENTRY--PERSONAL NAME
Personal name Howard, Peter C.;
9 (RLIN) 15071
245 10 - TITLE STATEMENT
Title Nature conservation in Uganda's tropical forest reserves.
Statement of responsibility, etc. Edited by Howard, Peter C.;
260 ## - PUBLICATION, DISTRIBUTION, ETC. (IMPRINT)
Place of publication, distribution, etc. Gland :
Name of publisher, distributor, etc. IUCN, International Union for Conservation of Nature and Natural Resources,
Date of publication, distribution, etc. 1991.
300 ## - PHYSICAL DESCRIPTION
Extent xvii,313p;
Other physical details ill;
Dimensions 24cm.
504 ## - BIBLIOGRAPHY, ETC. NOTE
Bibliography, etc Includes; References.
650 ## - SUBJECT ADDED ENTRY--TOPICAL TERM
Topical term or geographic name as entry element Biology.
9 (RLIN) 5602
906 ## - LOCAL DATA ELEMENT F, LDF (RLIN)
a 0
b ibc
c orignew
d 3
e ncip
f 19
g y-gencatlg
942 ## - ADDED ENTRY ELEMENTS (KOHA)
Source of classification or shelving scheme Dewey Decimal Classification
Koha item type Open Shelf
Holdings
Withdrawn status Lost status Source of classification or shelving scheme Damaged status Not for loan Home library Current library Date acquired Source of acquisition Inventory number Total Checkouts Full call number Barcode Date last seen Price effective from Koha item type
    Dewey Decimal Classification     MUST Main Library MUST Main Library 08/10/2021 Purchase 08/29829   577.30913HOW 1991. 2021-1458 08/10/2021 08/10/2021 Open Shelf